La Ghigliottina #14 - Statistics

Statistiche generali
  • Questo quiz è stato fatto 94 volte
  • Il punteggio medio è 5 su 6
Statistiche sulle risposte
Scelta Risposta % Corretto
Catene o Manette? Catene
100%
Palla o Pelle? Palla
100%
Montare o Video? Montare
99%
Sport o Stop? Sport
99%
Artigianale o Artificiale? Artificiale
98%
PAROLA Neve
43%
Nessun quiz corrispondente trovato
Distribuzione punteggi
Percentuale di utenti per punteggio
Percentile per numero di risposta
I tuoi punteggi nel tempo
Non hai fatto questo quiz